| 000 | 00333nam a22001217a 4500 | ||
|---|---|---|---|
| 008 | 250428b |||||||| |||| 00| 0 eng d | ||
| 050 |
_aHD58448 _b.Y47 |
||
| 100 | _aYESUFU, T . M | ||
| 245 | _aThe Human Factor in National Development in Nigeria | ||
| 260 |
_aIbadan _bSpectrum Book Limited _c2002 |
||
| 300 | _axxiv, 546p. | ||
| 942 | _cBK | ||
| 999 |
_c3244 _d3244 |
||